00449nam a22001697a 450000500170000001000130001702000100003003500130004003700100005308200080006310000230007124500530009425000120014726000360015927000570019530000270025220110926104928.0 aG-001525 c90.001daG-001525 bGift  a485 aDutta, Kalyannath  aR.B. Sheridan the rivals /cby Kalyannath Dutta  a2nd ed. aNew Delhi bRama Brothersc1999 a2629/4, Bank Street, Karol Bagh,bNew Delhi e110005 axi, 440p. c22cm(pbk)